MARC
|
|
|
|
| LEADER |
00000nam0a2200000 4500 |
| 001 |
82550 |
| 005 |
20231101213234.0 |
| 010 |
|
|
|a 5901006828
|
| 035 |
|
|
|a (RuTPU)RU\TPU\book\88703
|
| 035 |
|
|
|a RU\TPU\book\14963
|
| 090 |
|
|
|a 82550
|
| 100 |
|
|
|a 20051004d1999 km y0rusy50 ca
|
| 101 |
1 |
|
|a rus
|c eng
|
| 102 |
|
|
|a RU
|
| 105 |
|
|
|a y j 000zy
|
| 200 |
1 |
|
|a Социология
|e пер. с англ.
|f Э. Гидденс
|
| 210 |
|
|
|a Москва
|c Эдиториал УРСС
|d 1999
|
| 215 |
|
|
|a 704 с.
|
| 451 |
|
1 |
|0 (RuTPU)RU\TPU\book\14963
|y 5-354-01093-4
|t Социология
|o пер. с англ.
|o учебник
|f Э. Гидденс, К. Бердсолл
|e 2-е изд., перераб. и доп.
|c М.
|n Эдиториал УРСС
|d 2005
|p 632 с.
|a Гидденс, Энтони
|
| 606 |
1 |
|
|a Социология
|2 stltpush
|3 (RuTPU)RU\TPU\subj\67656
|9 83377
|
| 610 |
1 |
|
|a социология
|
| 610 |
1 |
|
|a история
|
| 610 |
1 |
|
|a теория
|
| 610 |
1 |
|
|a культура
|
| 610 |
1 |
|
|a личность
|
| 610 |
1 |
|
|a дети
|
| 610 |
1 |
|
|a социальное взаимодействие
|
| 610 |
1 |
|
|a конформность
|
| 610 |
1 |
|
|a девиантное поведение
|
| 610 |
1 |
|
|a гендер
|
| 610 |
1 |
|
|a сексуальность
|
| 610 |
1 |
|
|a власть
|
| 610 |
1 |
|
|a классовая структура
|
| 610 |
1 |
|
|a этническая принадлежность
|
| 610 |
1 |
|
|a расы
|
| 610 |
1 |
|
|a политика
|
| 610 |
1 |
|
|a государство
|
| 610 |
1 |
|
|a войны
|
| 610 |
1 |
|
|a социальные институты
|
| 610 |
1 |
|
|a образование
|
| 610 |
1 |
|
|a информация
|
| 610 |
1 |
|
|a религия
|
| 610 |
1 |
|
|a труд
|
| 610 |
1 |
|
|a урбанизм
|
| 610 |
1 |
|
|a народонаселение
|
| 610 |
1 |
|
|a революции
|
| 610 |
1 |
|
|a социальные изменения
|
| 610 |
1 |
|
|a социологические теории
|
| 610 |
1 |
|
|a учебные пособия
|
| 686 |
|
|
|a С5я73
|v LBC/SL-A
|2 rubbk
|
| 700 |
|
1 |
|a Гидденс
|b Э.
|g Энтони
|
| 801 |
|
0 |
|a RU
|b 63413507
|c 20011209
|g PSBO
|
| 801 |
|
2 |
|a RU
|b 63413507
|c 20220408
|g PSBO
|
| 900 |
|
|
|a Социология
|
| 900 |
|
|
|a Социология массовой коммуникации
|
| 942 |
|
|
|c BK
|